[Event "IX EICC"]
[Site "Plovdiv BUL"]
[Date "2008.04.24"]
[Round "4"]
[White "Azarov,S"]
[Black "Ivanisevic,I"]
[Result "1/2-1/2"]
[WhiteElo "2585"]
[BlackElo "2649"]

1.e4 c5 2.Nf3 e6 3.d4 cxd4 4.Nxd4 Nc6 5.Nc3 Qc7 6.Be2 Nf6 7.O-O Be7 8.Be3 O-O
9.f4 d6 10.Kh1 Nxd4 11.Qxd4 b6 12.e5 dxe5 13.fxe5 Nd7 14.Bf3 Ba6 15.Rfe1 Rac8
16.Bf4 Rfd8 17.Bg3 Qc4 18.Rad1 Nf8 19.Qxc4 Bxc4 20.a3 Ng6 21.Rxd8+ Rxd8 22.Re4 Rc8
23.Rd4 Rc7 24.h4 h6 25.h5 Nf8 26.Ne4 Ba2 27.c3 a5 28.Nd6 Rc5 29.Nb7 Rc4 30.Rd2 Rc7
31.Nd6 Bg5 32.Rd4 Bb3 33.Bd1 Bxd1 34.Rxd1 g6 35.hxg6 Nxg6 36.Ne4 Rc4 37.Nf6+ Kg7
38.Ne8+ Kf8 39.Nf6 Kg7 40.Nh5+ Kf8 41.Nf6  1/2-1/2

[Event "IX EICC"]
[Site "Plovdiv BUL"]
[Date "2008.04.24"]
[Round "4"]
[White "Kryvoruchko,Y"]
[Black "Bocharov,D"]
[Result "1-0"]
[WhiteElo "2612"]
[BlackElo "2569"]

1.e4 c5 2.Nf3 e6 3.d4 cxd4 4.Nxd4 Nc6 5.Nc3 Qc7 6.Be3 a6 7.Qd2 b5 8.O-O-O b4
9.Na4 Nf6 10.f3 Ne5 11.g4 h6 12.Be2 d5 13.exd5 Nxd5 14.f4 Nc4 15.Bxc4 Qxc4
16.b3 Qc7 17.f5 Be7 18.h4 Nxe3 19.Qxe3 e5 20.Nf3 Bb7 21.Nxe5 Bxh1 22.Rd7 Rc8
23.Rxc7 Rxc7 24.Qb6 Rb7 25.Qg1 Bd5 26.Qd4 Bh1 27.Nc5 Rb8 28.Qd7+ Kf8 29.Ne6+  1-0

[Event "3rd Open"]
[Site "Angers FRA"]
[Date "2008.04.25"]
[Round "2"]
[White "Vion,J"]
[Black "Leprince,J"]
[Result "1-0"]
[WhiteElo "2105"]
[BlackElo "1960"]

1.e4 c5 2.Nf3 Nc6 3.d4 cxd4 4.Nxd4 e6 5.Nc3 a6 6.Be3 Nf6 7.Bd3 Qc7 8.O-O Bb4
9.Na4 Ba5 10.Nb3 b5 11.Nxa5 Nxa5 12.Bb6 Qc6 13.Bxa5 bxa4 14.Re1 O-O 15.Bc3 Ne8
16.Re3 f6 17.Rh3 Rf7 18.Qh5 g6 19.Qh4 Bb7 20.Re1 a3 21.Ree3 d5 22.exd5 exd5
23.Bxg6 Rg7 24.Bxh7+ Kf8 25.Bb4+ Nd6 26.Qxf6+ Rf7 27.Qh8+  1-0

[Event "IX EICC"]
[Site "Plovdiv BUL"]
[Date "2008.04.25"]
[Round "5"]
[White "Saric,Iv"]
[Black "Timofeev,Arty"]
[Result "0-1"]
[WhiteElo "2500"]
[BlackElo "2664"]

1.e4 c5 2.Nf3 e6 3.d4 cxd4 4.Nxd4 Nc6 5.Nc3 Qc7 6.Be2 a6 7.O-O Nf6 8.Kh1 Be7
9.f4 d6 10.Be3 O-O 11.Qe1 Nxd4 12.Bxd4 b5 13.a3 Bb7 14.Qg3 Rad8 15.Rae1 Rd7
16.Bd3 Re8 17.e5 dxe5 18.Bxe5 Qd8 19.Ne4 Nh5 20.Qg4 g6 21.Qe2 f5 22.Ng3 Nf6
23.h3 Bc5 24.b4 Ba7 25.Bxf6 Qxf6 26.c4 Qc3 27.Rd1 bxc4 28.Bxf5 Rxd1 29.Bxe6+ Kg7
30.Qxd1 Qd3 31.Bxc4 Qxc4 32.f5 Qd5 33.Qe2 Qe5 34.f6+ Kh8 35.Qd3 Qb2 36.Ne4 Bxe4
37.Qxe4 Rxe4 38.f7 Rf4  0-1

[Event "IX EICC"]
[Site "Plovdiv BUL"]
[Date "2008.04.25"]
[Round "5"]
[White "Mihok,O"]
[Black "Szabo,Krisz1"]
[Result "1/2-1/2"]
[WhiteElo "2352"]
[BlackElo "2507"]

1.e4 c5 2.Nf3 e6 3.d4 cxd4 4.Nxd4 Nc6 5.Nc3 Qc7 6.Be3 a6 7.Be2 Nf6 8.a3 Be7
9.f4 d6 10.g4 h6 11.h4 Nxd4 12.Qxd4 e5 13.Qd2 Qc6 14.O-O-O Nxg4 15.Bxg4 Bxg4
16.Rdf1 Be6 17.f5 Bd7 18.Nd5 Bf6 19.Rd1 Rc8 20.Rh2 Bd8 21.Rg2 Qc4 22.Rxg7 Qxe4
23.Rdg1 Rxc2+ 24.Qxc2 Qxd5 25.Rg8+ Rxg8 26.Rxg8+ Ke7 27.f6+ Kxf6 28.Rxd8 Bf5
29.Qa4 Qd3 30.Bxh6 Qf1+ 31.Qd1 Qc4+ 32.Kd2 Qd4+ 33.Kc1 Qc4+  1/2-1/2

[Event "IX EICC"]
[Site "Plovdiv BUL"]
[Date "2008.04.25"]
[Round "5"]
[White "Carlsson,P"]
[Black "Lilov,Valeri"]
[Result "1-0"]
[WhiteElo "2514"]
[BlackElo "2385"]

1.e4 c5 2.Nf3 Nc6 3.Nc3 e6 4.d4 cxd4 5.Nxd4 a6 6.Nxc6 bxc6 7.Bd3 d5 8.O-O Nf6
9.Re1 Bb7 10.b3 Bb4 11.Bd2 Qa5 12.a3 Bxc3 13.b4 Qc7 14.Bxc3 Qf4 15.Bd2 Qc7
16.e5 Nd7 17.Qg4 g6 18.Qh4 h5 19.Bg5 Nb6 20.Qf4 c5 21.Qf6 Rg8 22.bxc5 Qxc5
23.Rab1 Nd7 24.Qf4 Bc6 25.c4 d4 26.Bf1 a5 27.Rbd1 Qxa3 28.Rxd4 Qc5 29.Red1 a4
30.g3 a3 31.Rxd7 Bxd7 32.Rxd7 Kxd7 33.Qxf7+ Kc6 34.Bg2+ Kb6 35.Qb7+ Ka5 36.Bd2+ Ka4
37.Bc6+  1-0

[Event "IX EICC"]
[Site "Plovdiv BUL"]
[Date "2008.04.25"]
[Round "5"]
[White "Berescu,A"]
[Black "Damljanovic,B"]
[Result "0-1"]
[WhiteElo "2481"]
[BlackElo "2595"]

1.e4 c5 2.Nf3 e6 3.d4 cxd4 4.Nxd4 Nc6 5.Nc3 Qc7 6.Be3 a6 7.Bd3 Nf6 8.O-O h5
9.h3 b5 10.Nxc6 Qxc6 11.e5 Bb7 12.f3 Nd5 13.Be4 Nxc3 14.Bxc6 Nxd1 15.Bxb7 Nxe3
16.Bxa8 Bc5 17.Rfc1 Ke7 18.Be4 Nc4+ 19.Kh1 Nxb2 20.Rab1 Nc4 21.Bb7 Nd2 22.Rb3 Nxb3
23.cxb3 Be3 24.Re1 Bf2 25.Rf1 Bg3 26.Bxa6 b4 27.Bd3 g5 28.Kg1 Ra8 29.Bb1 Ra5
30.Rd1 Rxe5 31.Kf1 f5  0-1

[Event "XXI Open"]
[Site "Benidorm ESP"]
[Date "2008.04.26"]
[Round "2"]
[White "Martinez Tormo,J"]
[Black "Levin,F"]
[Result "0-1"]
[WhiteElo "2219"]
[BlackElo "2546"]

1.e4 c5 2.Nf3 e6 3.d4 cxd4 4.Nxd4 Nc6 5.Nc3 Qc7 6.Be3 a6 7.Bd3 Nf6 8.O-O Nxd4
9.Bxd4 Bc5 10.Bxc5 Qxc5 11.Kh1 d6 12.f4 e5 13.f5 b5 14.a3 Bb7 15.Qf3 h5 16.Qg3 Kf8
17.Rae1 Re8 18.Qh4 Bc6 19.h3 Rh6 20.Rf3 a5 21.Nd1 Qb6 22.Nf2 Qb7 23.Rfe3 Qe7
24.Qg5 Nd7 25.Qxe7+ Kxe7 26.Bf1 Rb8 27.g3 d5 28.exd5 Bxd5+ 29.Bg2 Bxg2+ 30.Kxg2 Rc6
31.c3 f6 32.Nd3 Kf8 33.Re4 Rd6 34.R1e3 Rc8 35.Kf2 Nb6 36.Ne1 Nc4 37.Re2 a4
38.Nf3 Rd1 39.Rh4 Rcd8 40.Rxh5 Kg8 41.Nh4 R1d2 42.Ng6 Rxe2+ 43.Kxe2 Kf7 44.Rh8 Rxh8
45.Nxh8+ Ke8 46.g4 Nxb2 47.h4 Nc4 48.Kd3 Nxa3 49.g5 Nc4 50.h5 fxg5 51.Ng6 Kf7
52.Kc2 Kf6  0-1

[Event "IX EICC"]
[Site "Plovdiv BUL"]
[Date "2008.04.26"]
[Round "6"]
[White "Yordanov,N"]
[Black "Papin,V"]
[Result "0-1"]
[WhiteElo "2296"]
[BlackElo "2483"]

1.e4 c5 2.Nf3 e6 3.d4 cxd4 4.Nxd4 Nc6 5.Nc3 Qc7 6.Be3 a6 7.Qd2 Nf6 8.f3 Ne5
9.O-O-O Bb4 10.Nb3 b5 11.Kb1 Nc4 12.Bxc4 bxc4 13.Nc1 Rb8 14.Bf4 e5 15.Bg5 Qb6
16.N1e2 Ba3 17.b3 O-O 18.Bxf6 Qxf6 19.Nd5 Qd8 20.f4 exf4 21.Qxf4 Bb7 22.Ng3 Bxd5
23.Rxd5 Rb5 24.Rhd1 Qb6 25.Qe5 d6 26.Qc3 Rxd5 27.exd5 cxb3 28.axb3 Bb4 29.Qc4 Qa5
30.Ne2 Re8 31.c3 Bc5 32.Nc1 g6 33.b4 Qb6 34.Nb3 Bf2 35.Rd2 Qe3 36.Kc2 Be1
37.Rd1 Qf2+ 38.Nd2 Qxg2 39.Qf1 Qe2 40.Qf4 Re5 41.Qc4 h5 42.Qc6 Qg2 43.Qxd6 Rxd5
44.Qf4 g5 45.Qe3 Bxd2 46.Rxd2 Qxd2+ 47.Qxd2 Rxd2+ 48.Kxd2 f5 49.Ke3 Kf7 50.c4 Ke6
51.Kd4 h4 52.Ke3 Ke5 53.Kd3 g4 54.Ke3 f4+ 55.Kf2 Kd4 56.c5 Kd5  0-1

[Event "IX EICC"]
[Site "Plovdiv BUL"]
[Date "2008.04.26"]
[Round "6"]
[White "Berbatov,K"]
[Black "Baumegger,S"]
[Result "0-1"]
[WhiteElo "2220"]
[BlackElo "2440"]

1.e4 c5 2.Nf3 e6 3.d4 cxd4 4.Nxd4 Nc6 5.Nc3 d6 6.Bc4 Nf6 7.Bb3 a6 8.Be3 Qc7
9.Qe2 Na5 10.O-O-O b5 11.Kb1 Be7 12.Bg5 O-O 13.f4 Nxb3 14.axb3 Bb7 15.Rd3 b4
16.e5 dxe5 17.fxe5 Nd5 18.Nxd5 Bxd5 19.Bxe7 Qxe7 20.Rg3 a5 21.Qg4 f5 22.exf6 Rxf6
23.Re1 a4 24.Qg5 axb3 25.cxb3 Qf7 26.Qd2 e5 27.Rxe5 Rf1+ 28.Kc2 Qc7+ 29.Nc6 Qxc6+
30.Kd3 Bf7 31.Ke2 Qf6  0-1

[Event "IX EICC"]
[Site "Plovdiv BUL"]
[Date "2008.04.26"]
[Round "6"]
[White "Brkic,A"]
[Black "Potkin,V"]
[Result "1/2-1/2"]
[WhiteElo "2521"]
[BlackElo "2617"]

1.e4 c5 2.Nf3 e6 3.d4 cxd4 4.Nxd4 Nc6 5.Nc3 a6 6.Be2 d6 7.O-O Nf6 8.a4 Be7
9.Be3 Bd7 10.f4 Nxd4 11.Qxd4 Bc6 12.b4 O-O 13.b5 Be8 14.e5 Rc8 15.Rad1 axb5
16.Nxb5 Bxb5 17.axb5 Nd5 18.c4 Nxe3 19.Qxe3 Qc7 20.exd6 Bxd6 21.Kh1 g6 22.Qe4 Rfd8
23.g3 Bc5 24.Bf3 b6 25.Qb7 Qxb7 26.Bxb7 Rxd1 27.Rxd1 Rc7 28.Bc6 Ra7 29.Rd8+ Kg7
30.Ra8 Ra5 31.Kg2 f5 32.Ra6 Kf6 33.Bd7 h6 34.h4 e5 35.fxe5+ Kxe5 36.Kf3 g5
37.hxg5 hxg5 38.g4 f4 39.Be8 Kd4 40.Bf7 Ra3+ 41.Rxa3 Bxa3  1/2-1/2

[Event "IX EICC"]
[Site "Plovdiv BUL"]
[Date "2008.04.26"]
[Round "6"]
[White "Bindrich,F"]
[Black "Sokolov,And1"]
[Result "1/2-1/2"]
[WhiteElo "2513"]
[BlackElo "2596"]

1.e4 c5 2.Nf3 e6 3.d4 cxd4 4.Nxd4 Nc6 5.Nc3 Qc7 6.Be3 Nf6 7.Be2 Be7 8.f4 O-O
9.Qd2 Bb4 10.Bf3 d5 11.e5 Nd7 12.a3 Ba5 13.O-O Nb6 14.Ndb5 Qd8 15.Nd6 Na4
16.b4 Nxc3 17.Qxc3 Bc7 18.Bc5 b6 19.Bf2 Ne7 20.Nb5 Ba6 21.a4 Bxb5 22.axb5 Rc8
23.Qb3 Bb8 24.Rac1 Rc4 25.g3 Qc7 26.Be2 Rc3 27.Qb2 Rc8 28.Bd3 Qd8 29.Bd4 R3c7
30.Rcd1 Nf5 31.Bf2 Qe7 32.Bxf5 exf5 33.Rxd5 Rxc2 34.Qd4 h5 35.Qd3 Qe8 36.Rd1 R8c3
37.Rd8 Kh7 38.Qd7 Qxd7 39.R8xd7 Kg6 40.R7d2 Bc7 41.Rxc2 Rxc2 42.Rd7 h4 43.gxh4 f6
44.e6 Bxf4 45.Kf1 Rc8 46.Rxa7 Re8 47.e7 Kf7 48.Bxb6 Rxe7 49.Rxe7+ Kxe7 50.Bc5+ Kd7
51.h5 Bxh2 52.Kg2 Bf4 53.Kf3 Bh6 54.Ke2 Ke6 55.Kd3 Kd5 56.b6 Kc6 57.Kc4 Bd2
58.b5+ Kb7 59.Kd5 Bc1 60.Bd4 f4 61.Ke4 Be3 62.Bxe3 fxe3 63.Kxe3 Kxb6 64.Ke4 Kxb5
65.Kf5 Kc4 66.Kg6 Kd3 67.Kxg7 f5 68.h6 f4 69.h7 f3 70.h8=Q f2 71.Qh5 Kd2
72.Qf3 Ke1 73.Qe4+ Kf1 74.Qg4 Ke1 75.Qh4 Ke2 76.Qh2 Ke1 77.Qg3 Ke2 78.Qe5+ Kf1
79.Kg6 Kg1 80.Qd4 Kg2 81.Qg4+ Kh1 82.Qf3+ Kg1 83.Qg3+ Kh1 84.Qxf2  1/2-1/2

[Event "ch-NED U21"]
[Site "Venlo NED"]
[Date "2008.04.26"]
[Round "2"]
[White "Ootes,La"]
[Black "Van Oosterom,C"]
[Result "0-1"]
[WhiteElo "2193"]
[BlackElo "2399"]

1.e4 c5 2.Nf3 e6 3.d4 cxd4 4.Nxd4 Nc6 5.Nc3 Qc7 6.Be3 a6 7.Bd3 Nf6 8.O-O Ne5
9.Nf3 Neg4 10.Bd2 d6 11.Qe2 Be7 12.a4 b6 13.Na2 O-O 14.Nb4 a5 15.Na2 Bb7
16.Nc3 Rac8 17.Nb5 Qb8 18.b4 d5 19.e5 Ne4 20.bxa5 Bc5 21.Bxe4 dxe4 22.Ng5 f5
23.Bf4 Bd5 24.h3 Nxe5 25.a6 h6 26.a7 Qb7 27.Bxe5 hxg5 28.Rfd1 f4 29.Qg4 e3
30.Qxg5 Rf5 31.Qxg7+ Qxg7 32.Bxg7 exf2+ 33.Kh2 Kxg7 34.c4 Bxc4 35.Nc7 Bd5
36.a5 Rxc7 37.axb6 Bxb6  0-1

[Event "3rd Open"]
[Site "Angers FRA"]
[Date "2008.04.27"]
[Round "6"]
[White "Vion,J"]
[Black "Mauget,J"]
[Result "1-0"]
[WhiteElo "2105"]
[BlackElo "1868"]

1.e4 c5 2.Nf3 e6 3.d4 cxd4 4.Nxd4 Nc6 5.Nc3 Qc7 6.Be3 a6 7.Bd3 Nf6 8.O-O Be7
9.Nb3 b5 10.a3 d6 11.f4 e5 12.f5 Bb7 13.Qe2 O-O-O 14.a4 b4 15.Nd5 Nxd5 16.exd5 Na5
17.Bxa6 Kb8 18.Qb5 Nxb3 19.cxb3  1-0

[Event "IX EICC"]
[Site "Plovdiv BUL"]
[Date "2008.04.27"]
[Round "7"]
[White "Galkin,A"]
[Black "Filip,L"]
[Result "1-0"]
[WhiteElo "2606"]
[BlackElo "2459"]

1.e4 c5 2.Nf3 e6 3.d4 cxd4 4.Nxd4 Nc6 5.Nc3 Qc7 6.Be2 a6 7.O-O Nf6 8.Be3 Bb4
9.Na4 O-O 10.Nxc6 bxc6 11.Nb6 Rb8 12.Nxc8 Rfxc8 13.Bxa6 Rf8 14.Bd3 Bd6 15.f4 e5
16.b3 exf4 17.Bd4 f3 18.e5 Bxe5 19.Bxe5 f2+ 20.Rxf2 Qxe5 21.Rf1 d5 22.a4 Rb4
23.Qe1 Qd6 24.Qg3 Qxg3 25.hxg3 Ra8 26.Rf4 Rb7 27.a5 Nd7 28.b4 g5 29.Rd4 Ne5
30.Bf1 f6 31.b5 cxb5 32.Rxd5 Nc6 33.a6 Rb6 34.Bxb5 Nb4 35.Bc4 Kh8 36.Rd7 Nxc2
37.Ra2 Rb1+ 38.Kf2 Nb4 39.Re2 Nc6 40.Bd5 Rb6 41.Bxc6 Rxc6 42.a7  1-0

[Event "IX EICC"]
[Site "Plovdiv BUL"]
[Date "2008.04.27"]
[Round "7"]
[White "Macieja,B"]
[Black "Iotov,V"]
[Result "0-1"]
[WhiteElo "2599"]
[BlackElo "2531"]

1.e4 c5 2.Nf3 e6 3.d4 cxd4 4.Nxd4 Nc6 5.Nc3 Qc7 6.Be3 a6 7.Qd2 Nf6 8.O-O-O Bb4
9.f3 Ne5 10.Nb3 b5 11.Kb1 Be7 12.Qf2 d6 13.Bb6 Qb8 14.Bd4 O-O 15.g4 Nfd7
16.Rg1 b4 17.Na4 a5 18.f4 Nc6 19.Be3 Ba6 20.g5 Rc8 21.h4 Bb5 22.Nb6 Nxb6
23.Bxb5 a4 24.Nd2 Nd7 25.Qe2 Ra5 26.Bc4 d5 27.exd5 exd5 28.Bd3 Nc5 29.Bf5 Rd8
30.h5 b3 31.Ka1 bxc2 32.Bxc2 Rb5 33.Nf3 Nb3+ 34.Kb1 d4 35.Bf2 Nc5 36.Bd3 Nxd3
37.Rxd3 Qxf4 38.Nxd4 Nxd4 39.Bxd4 Rxg5 40.Re1 Bf8 41.Be3 Qf5 42.Bxg5 Rxd3
43.Qe4 Qxe4 44.Rxe4 Rd5 45.Rg4 h6 46.Bxh6 Rxh5 47.Bd2 f5 48.Rxa4 g5 49.Ra8 Kf7
50.Ra7+ Ke6 51.Ra6+ Ke5 52.Bc3+ Kf4 53.a4 Bc5 54.b4 Be3 55.b5 g4 56.Re6 Kf3
57.b6 Rh7 58.Be5 f4 59.a5 g3 60.Rg6 g2 61.Kc2 g1=Q 62.Rxg1 Bxg1 63.Bc7 Rh6
64.Kb3 Kg4 65.b7 Ba7 66.b8=Q Bxb8 67.Bxb8 f3 68.Ba7 Ra6 69.Bb6 Rxa5  0-1

[Event "IX EICC"]
[Site "Plovdiv BUL"]
[Date "2008.04.27"]
[Round "7"]
[White "Kokarev,Dm"]
[Black "Grachev,B"]
[Result "0-1"]
[WhiteElo "2579"]
[BlackElo "2610"]

1.e4 c5 2.Nf3 e6 3.d4 cxd4 4.Nxd4 Nc6 5.Nc3 Qc7 6.Be3 Nf6 7.f4 Bb4 8.Nb5 Qa5
9.e5 Nd5 10.Bd2 Nxc3 11.Nxc3 d5 12.a3 Be7 13.Bd3 Qb6 14.Qg4 g6 15.O-O-O Bd7
16.Qg3 Rc8 17.h4 h5 18.Qe1 Na5 19.Be3 d4 20.Bf2 Nc4 21.Bxc4 Rxc4 22.Qe2 Rxc3
23.Bxd4 Rc5 24.b4 Qb5 25.Qxb5 Rxb5 26.c4 Rb6 27.Bxb6 axb6 28.g3 Bc6 29.Rhe1 O-O
30.Kb2 Ra8 31.Rc1 f6 32.exf6 Bxf6+ 33.Ka2 Kf7 34.b5 Bf3 35.Re3 Bg4 36.Rd3 Be7
37.Rd7 Rxa3+ 38.Kb2 Rxg3 39.Rxb7 Kf6  0-1

[Event "IX EICC"]
[Site "Plovdiv BUL"]
[Date "2008.04.27"]
[Round "7"]
[White "Khalifman,A"]
[Black "Laznicka,V"]
[Result "1/2-1/2"]
[WhiteElo "2628"]
[BlackElo "2578"]

1.e4 c5 2.Nf3 e6 3.d4 cxd4 4.Nxd4 Nc6 5.Nc3 d6 6.Be3 Nf6 7.f4 Be7 8.Qf3 a6
9.O-O-O Nd7 10.Kb1 O-O 11.h4 Qc7 12.Bd3 Nc5 13.Nxc6 Qxc6 14.Bd4 b5 15.f5 Nd7
16.fxe6 fxe6 17.Qh5 e5 18.Nd5 Rf7 19.Be3 Nf6 20.Qe2 Be6 21.Nxf6+ Bxf6 22.g4 Bd8
23.Rhf1 Rxf1 24.Rxf1 Bb6 25.g5 Ra7 26.h5 Bxe3 27.Qxe3 Qc5 28.Qe1 Rf7 29.Rxf7 Bxf7
30.h6 a5 31.b3 b4 32.hxg7 Kxg7 33.Qf1 Kg8 34.Qf6 Qg1+  1/2-1/2

[Event "IX EICC"]
[Site "Plovdiv BUL"]
[Date "2008.04.27"]
[Round "7"]
[White "Guseinov,G"]
[Black "Grigoriants,S RUS"]
[Result "1/2-1/2"]
[WhiteElo "2625"]
[BlackElo "2573"]

1.e4 c5 2.Nc3 e6 3.Nf3 Nc6 4.d4 cxd4 5.Nxd4 d6 6.g3 Nf6 7.Bg2 Bd7 8.O-O Be7
9.Nb3 Qc7 10.f4 a6 11.g4 Bc8 12.g5 Nd7 13.Be3 b5 14.Qe2 Rb8 15.Rae1 b4 16.Nd5 exd5
17.exd5 Nce5 18.Nd4 O-O 19.fxe5 Nxe5 20.Kh1 Bd7 21.Bf4 Bb5 22.Nxb5 Rxb5 23.Be4 g6
24.Qg2 Ra5 25.Ra1 Rb5 26.b3 Rbb8 27.a3 a5 28.axb4 axb4 29.Qd2 f5 30.Bg2 Rfc8
31.Rf2 Qd8 32.Re2 Nf7 33.h4 Bf8 34.Ra7 Rc7 35.Ra4 Qc8 36.h5 Bg7 37.Rxb4 Rxb4
38.Qxb4 Rxc2 39.Re6 gxh5 40.Qb5 Kf8 41.Qd3 Qc3 42.Qxf5 Be5 43.Bxe5 dxe5 44.Rf6 Qe1+
45.Qf1 Qh4+ 46.Kg1 Qd4+ 47.Kh1 Qh4+  1/2-1/2

[Event "IX EICC"]
[Site "Plovdiv BUL"]
[Date "2008.04.27"]
[Round "7"]
[White "Lopez Martinez,Josep"]
[Black "Zherebukh,Y"]
[Result "1-0"]
[WhiteElo "2576"]
[BlackElo "2446"]

1.e4 c5 2.Nf3 Nc6 3.d4 cxd4 4.Nxd4 e6 5.Nc3 Qc7 6.Be3 a6 7.Qd2 Nf6 8.f3 Be7
9.g4 O-O 10.O-O-O b5 11.h4 Ne5 12.h5 Ne8 13.g5 Nd6 14.Qh2 f6 15.Bf4 Ndc4
16.Bxc4 bxc4 17.Rhg1 d6 18.gxf6 Bxf6 19.Be3 Rb8 20.f4 Nc6 21.e5 Nxd4 22.Bxd4 dxe5
23.fxe5 Be7 24.Ne4 Rf5 25.Qg3 Bf8 26.Nd6 Rxh5 27.Ne8 Qf7 28.Nf6+ Kh8 29.Nxh5 Qxh5
30.Rdf1 Kg8 31.Rxf8+ Kxf8 32.Qxg7+ Ke8 33.Rf1  1-0

[Event "ch-NED U21"]
[Site "Venlo NED"]
[Date "2008.04.27"]
[Round "3"]
[White "Ten Hagen,Y"]
[Black "Ootes,La"]
[Result "0-1"]
[WhiteElo "2124"]
[BlackElo "2193"]

1.e4 c5 2.Nf3 e6 3.d4 cxd4 4.Nxd4 Nc6 5.Nc3 Qc7 6.Be3 a6 7.Be2 Nf6 8.O-O Bb4
9.Na4 Be7 10.Nxc6 bxc6 11.Nb6 Rb8 12.Nxc8 Qxc8 13.Bd4 c5 14.Be5 Rb6 15.b3 Nxe4
16.Bxg7 Rg8 17.Be5 Bd6 18.Bg3 f5 19.Bd3 Nxg3 20.fxg3 Rg4 21.Qe2 Kd8 22.Rad1 h5
23.Bc4 h4 24.Rd3 hxg3 25.hxg3 Kc7 26.Rfd1 Qh8 27.Qe1 Rd4 28.Qa5 Kb7 29.Rxd4 cxd4
30.Rd3 e5 31.Qd5+ Kc7 32.c3 e4 33.Rxd4 Qh6 34.Qxf5 Qe3+ 35.Kf1 Qxc3 36.Qxe4 Bxg3
37.Rxd7+ Kxd7 38.Qf5+ Kc7 39.Qf7+ Kb8 40.Qf8+ Ka7 41.Qe7+ Rb7 42.Qc5+ Ka8
43.Qc8+ Bb8 44.Qc6 Qa1+ 45.Ke2 Qe5+ 46.Kd1 Qh5+ 47.Be2 Qh1+ 48.Kc2 Qh7+ 49.Kb2 Be5+
50.Ka3 Qe7+  0-1

[Event "ch-UZB"]
[Site "Tashkent UZB"]
[Date "2008.04.28"]
[Round "5"]
[White "Iuldachev,S"]
[Black "Gubaydulin,T"]
[Result "1/2-1/2"]
[WhiteElo "2501"]
[BlackElo "2213"]

1.e4 c5 2.Nc3 e6 3.Nf3 Nc6 4.d4 cxd4 5.Nxd4 Nf6 6.Ndb5 d6 7.Bf4 e5 8.Bg5 a6
9.Na3 b5 10.Nd5 Be7 11.Bxf6 Bxf6 12.c4 b4 13.Nc2 a5 14.Qf3 Be6 15.Rd1 Be7
16.c5 O-O 17.Bb5 Bxd5 18.Rxd5 Qc7 19.Bxc6 Qxc6 20.Ne3 dxc5 21.Nc4 Rad8 22.O-O Rxd5
23.exd5 Qc7 24.Re1 Bd6 25.Qf5 Rd8 26.b3 g6 27.Qf6 Be7 28.Qc6 Qxc6 29.dxc6 Rc8
30.Rxe5 Kf8 31.Nxa5 Ra8 32.c7 Rc8 33.g3 Rxc7 34.Kg2 Bf6 35.Re2 Ra7 36.Nc4 Rd7
37.g4 Rd1 38.Rd2 Ra1 39.Kf3 Rh1 40.Kg3 Rg1+ 41.Kf4 Bd4 42.f3 Re1 43.Kg3 Rg1+
44.Rg2 Re1 45.Rd2 Bg1  1/2-1/2

[Event "ch-NED U21"]
[Site "Venlo NED"]
[Date "2008.04.28"]
[Round "4"]
[White "Kuipers,S"]
[Black "Van Oosterom,C"]
[Result "0-1"]
[WhiteElo "2319"]
[BlackElo "2399"]

1.e4 c5 2.Nf3 e6 3.d4 cxd4 4.Nxd4 Nc6 5.Nc3 Qc7 6.Be3 a6 7.Qd2 Nf6 8.O-O-O Be7
9.f3 O-O 10.g4 b5 11.h4 b4 12.Na4 Ne5 13.Be2 Bb7 14.Nb3 Bc6 15.Nb6 Rab8 16.Qd4 Bb5
17.Bxb5 axb5 18.g5 Nxf3 19.Qd3 Ne5 20.Qxb5 Nxe4 21.Bd4 Nc6 22.Be3 d5 23.g6 hxg6
24.h5 Bg5 25.Bxg5 Rxb6 26.Qe2 Nxg5 27.Qe3 f6 28.hxg6 Ne5  0-1

[Event "XXI Open"]
[Site "Benidorm ESP"]
[Date "2008.04.29"]
[Round "5"]
[White "Abergel,T"]
[Black "Petrov,Marij"]
[Result "1/2-1/2"]
[WhiteElo "2520"]
[BlackElo "2489"]

1.e4 c5 2.Nf3 e6 3.Nc3 Nc6 4.d4 cxd4 5.Nxd4 Nf6 6.Nxc6 bxc6 7.Bd3 d5 8.O-O Be7
9.Bf4 O-O 10.e5 Nd7 11.Qh5 f5 12.exf6 Nxf6 13.Qe2 Bd6 14.Be5 Bxe5 15.Qxe5 Bd7
16.Na4 Qa5 17.b3 c5 18.Nb2 Qb6 19.h3 a5 20.c4 a4 21.Bc2 Qb8 22.Nd3 Qxe5 23.Nxe5 Be8
24.Rfe1 Nd7 25.bxa4 Nb6 26.Rab1 Nxc4 27.Nxc4 dxc4 28.Re4 Bxa4 29.Rxc4 Bxc2
30.Rxc2 Ra6 31.Rb5 Rfa8 32.Rcxc5 Rxa2 33.Re5 R2a6 34.Rb7 Re8 35.Rg5 g6 36.Rc5 e5
37.Rcc7 h5 38.Kh2 e4 39.Kg3 Rf6 40.Rg7+ Kf8 41.Rh7 Kg8 42.Kh4 Re5  1/2-1/2

[Event "IX EICC"]
[Site "Plovdiv BUL"]
[Date "2008.04.29"]
[Round "8"]
[White "Mudelsee,M"]
[Black "Filip,L"]
[Result "0-1"]
[WhiteElo "2284"]
[BlackElo "2459"]

1.e4 c5 2.Nf3 e6 3.d4 cxd4 4.Nxd4 Nc6 5.Nc3 Qc7 6.Be2 Nf6 7.O-O a6 8.Be3 Bb4
9.Na4 O-O 10.Nxc6 bxc6 11.Nb6 Rb8 12.Nxc8 Rfxc8 13.Bxa6 Rf8 14.Bd3 Bd6 15.g3 Be5
16.a4 Bxb2 17.Ra2 Bc3 18.f4 Qa5 19.Qf3 Rb4 20.Ra3 Rxa4 21.Rb3 Bd4 22.Bxd4 Rxd4
23.e5 Nd5 24.Rfb1 Ra4 25.Kg2 g6 26.Rb8 Rb4 27.R8xb4 Nxb4 28.Be4 Nd5 29.Rb7 Rd8
30.Kh3 Qa6 31.Rb1 Qc4 32.Bd3 Qd4 33.Re1 Ra8 34.Re4 Qc5 35.g4 Ra3 36.Qg3 Nb4
37.f5 Nxc2 38.fxg6 hxg6 39.Rc4 Qd5  0-1

[Event "IX EICC"]
[Site "Plovdiv BUL"]
[Date "2008.04.29"]
[Round "8"]
[White "Rombaldoni,Ax"]
[Black "Cao Sang"]
[Result "0-1"]
[WhiteElo "2398"]
[BlackElo "2535"]

1.e4 c5 2.Nf3 e6 3.d4 cxd4 4.Nxd4 Nc6 5.Nc3 Qc7 6.Be3 a6 7.Qd2 Nf6 8.O-O-O Bb4
9.f3 Ne7 10.Nde2 b5 11.g4 d6 12.Kb1 Bc5 13.Bf4 e5 14.Bg5 Be6 15.Bxf6 gxf6
16.Qh6 Rc8 17.Qg7 Ng6 18.f4 exf4 19.Nxf4 Nxf4 20.Qxh8+ Ke7 21.Qxh7 Ba3 22.Nd5+ Bxd5
23.exd5 Bxb2 24.c3 Qxc3 25.Bd3 Qa3 26.Rhe1+ Be5 27.Rxe5+ dxe5 28.Bc2 Qd6
29.Bb3 Ne2 30.Rf1 Nd4 31.g5 f5 32.Qg7 Nxb3 33.axb3 Qxd5 34.Qf6+ Ke8 35.Qxf5 Rc3
36.Ka1 Rxb3 37.Qc8+ Ke7 38.Qc1 Qd4+ 39.Ka2 Qa4+  0-1

[Event "IX EICC"]
[Site "Plovdiv BUL"]
[Date "2008.04.29"]
[Round "8"]
[White "Nedev,T"]
[Black "Sokolov,And1"]
[Result "1/2-1/2"]
[WhiteElo "2518"]
[BlackElo "2596"]

1.e4 c5 2.Nf3 e6 3.d4 cxd4 4.Nxd4 Nc6 5.Nc3 Qc7 6.Be3 a6 7.Qd2 Nf6 8.O-O-O Be7
9.f3 O-O 10.g4 b5 11.g5 Ne8 12.h4 Bb7 13.Nxc6 Bxc6 14.Ne2 Rc8 15.Nd4 Bb7
16.Kb1 Nd6 17.Bf4 Qb6 18.Be3 Qc7 19.Bf4 Qb6 20.Be3 Qc7  1/2-1/2

[Event "Open"]
[Site "Halkidiki GRE"]
[Date "2008.04.30"]
[Round "2"]
[White "Ilic,SloS2"]
[Black "Vragoteris,A"]
[Result "1/2-1/2"]
[WhiteElo "2182"]
[BlackElo "2317"]

1.e4 c5 2.Nf3 e6 3.d4 cxd4 4.Nxd4 Nc6 5.Nc3 Qc7 6.g3 a6 7.Bg2 Nf6 8.O-O Nxd4
9.Qxd4 Bc5 10.Qd3 Ng4 11.h3 Ne5 12.Qe2 d6 13.Kh1 Bd4 14.Nd1 Bd7 15.a4 Rc8
16.c3 Ba7 17.Be3 Bxe3 18.Nxe3 Nc4 19.Nxc4 Qxc4 20.Qd2 O-O 21.a5 Bc6 22.Rfe1 Rfd8
23.Kh2 d5 24.Bf1 Qc5 25.b4 Qa7 26.Red1 Qb8 27.exd5 Rxd5 28.Qe3 Qd6 29.Be2 Qe5
30.Qxe5 Rxe5 31.Rd2 Kf8 32.c4 Ke7 33.Rb2 Rd8 34.b5 Be4 35.Ra3 Rc5 36.f3 Bg6
37.Kg2 Rd6 38.Kf2 h5 39.h4 e5 40.Ke3 Bf5 41.bxa6 bxa6 42.Rb7+ Bd7 43.Bf1 Kd8
44.Bd3 Kc8 45.Rb4 Be6 46.Raa4 f5 47.Be2 Kc7 48.Bd3 f4+ 49.gxf4 exf4+ 50.Ke2 g5
51.hxg5 Rxg5 52.c5 Rxc5 53.Rxf4 Rdd5  1/2-1/2

[Event "IX EICC"]
[Site "Plovdiv BUL"]
[Date "2008.04.30"]
[Round "9"]
[White "Zelcic,R"]
[Black "Szabo,Krisz1"]
[Result "1-0"]
[WhiteElo "2591"]
[BlackElo "2507"]

1.e4 c5 2.Nf3 e6 3.d4 cxd4 4.Nxd4 Nc6 5.Nc3 Qc7 6.Be2 a6 7.O-O Nf6 8.a4 Be7
9.Be3 O-O 10.f4 d6 11.Kh1 Re8 12.Bf3 Rb8 13.Qe1 Nxd4 14.Bxd4 e5 15.Be3 exf4
16.Bxf4 b5 17.axb5 axb5 18.e5 dxe5 19.Qxe5 Qxe5 20.Bxe5 Rb6 21.Bd4 Ra6 22.Nxb5 Rxa1
23.Rxa1 Bf5 24.c3 Bf8 25.Bxf6 gxf6 26.Nd4 Bd3 27.g3 Kg7 28.Rd1 Ba6 29.Kg2 Re5
30.b4 Kg6 31.g4 Bc4 32.h4 h5 33.gxh5+ Kh7 34.Rb1 Bd5 35.Bxd5 Rxd5 36.b5 Rd7
37.b6 Rb7 38.Rb5 Bd6 39.c4  1-0

[Event "IX EICC"]
[Site "Plovdiv BUL"]
[Date "2008.04.30"]
[Round "9"]
[White "Movsesian,S"]
[Black "Tregubov,P"]
[Result "1/2-1/2"]
[WhiteElo "2695"]
[BlackElo "2629"]

1.e4 c5 2.Nf3 e6 3.d4 cxd4 4.Nxd4 Nc6 5.Nc3 Nf6 6.Ndb5 d6 7.Bf4 e5 8.Bg5 a6
9.Na3 b5 10.Nd5 Be7 11.Bxf6 Bxf6 12.c4 b4 13.Nc2 a5 14.g3 Bg5 15.Bg2 O-O
16.O-O Ne7 17.Nde3 Bxe3 18.Nxe3 Be6 19.Qd3 Qc7 20.Rac1 Rac8 21.Rfd1  1/2-1/2

[Event "IX EICC"]
[Site "Plovdiv BUL"]
[Date "2008.04.30"]
[Round "9"]
[White "Sutovsky,E"]
[Black "Grachev,B"]
[Result "1/2-1/2"]
[WhiteElo "2630"]
[BlackElo "2610"]

1.e4 c5 2.Nf3 e6 3.Nc3 Nc6 4.d4 cxd4 5.Nxd4 Qc7 6.f4 a6 7.Be3 Nf6 8.e5 Nd5
9.Nxd5 exd5 10.Qf3 d6 11.Qxd5 dxe5 12.Nxc6 exf4 13.Bxf4 Qxc6 14.Bc4 Be6 15.Qxc6+ bxc6
16.Bxe6 fxe6 17.O-O-O Rd8 18.Rde1 Rd4 19.Rhf1 Be7 20.Rxe6 Kd7 21.Rfe1 Bh4
22.R1e4 Rf8 23.g3 Rxe4 24.Rxe4 Be7 25.Rd4+ Ke6 26.Re4+ Kd7 27.h4 h6 28.h5 Rf5
29.Re5 Rf6 30.Ra5 c5 31.Kd2 g6 32.hxg6 Rxg6 33.Ke3 h5 34.Kf3 Re6 35.Be3 Rf6+
36.Kg2 Rc6 37.Kf3 Rf6+ 38.Kg2 Rc6 39.b3 Ke6 40.Kf3 Kd7 41.Ke4 Re6+ 42.Kf3 Rf6+
43.Kg2 Rc6 44.Ra4 Rg6 45.Kf3 Rf6+ 46.Bf4 Re6 47.Rc4 Kc6 48.Be3 Rf6+ 49.Rf4 Rxf4+
50.gxf4 Kd5 51.Bf2 Ke6 52.Ke4 h4 53.f5+ Kf7 54.Kf3 h3 55.Bg3 Bf8 56.Be5 Bg7
57.Bc7 Bd4 58.Bd8 Be5 59.c4 Bd6 60.Bh4 Kg7 61.a3 Kf7 62.Bd8 Kg7 63.Bh4 Kf7
64.Bg5 Kg7 65.Bd8 Kf7 66.Bh4 Kg7 67.Kf2 Kf7 68.Bg5 Kg7 69.Bd8 Kf7 70.Bh4 Kg7
71.Bd8 Kf7 72.Bg5 Kg7 73.b4 cxb4 74.axb4 Bxb4 75.Kg3 a5 76.Kxh3 a4 77.Kg4 a3
78.Bc1 Be7 79.Bxa3 Bxa3 80.Kf4 Kf6 81.Ke4  1/2-1/2